| 000 | 01335cam a2200373 i 4500 | ||
|---|---|---|---|
| 003 | PE-LiUPU | ||
| 005 | 20250731173559.0 | ||
| 008 | 140407s2014 ne b 001 0 grc | ||
| 020 | _a9789004262133 | ||
| 040 |
_bspa _cPE-LiUPU _dPE-LiUPU _erda |
||
| 082 | 0 | 0 |
_a226 _220 _bG676 |
| 245 | 0 | 2 |
_aA gospel synopsis of the Greek text of Matthew, Mark and Luke : _ba comparison of Codex Bezae and Codex Vaticanus / _cEditado por Jenny Read-Heimerdinger y Josep Rius-Camps en colaboración con Enric Muñarch. |
| 264 |
_aLeiden : _bBrill, _c[2014]. |
||
| 300 |
_a315 páginas ; _c30 centímetros. |
||
| 490 | 0 | _a(New Testament tools, studies, and documents) | |
| 505 | _aSynopsis Matthew-Mark-Luke -- Synopsis Matthew-Mark-Luke -- Synopsis Matthew-Mark-Luke. | ||
| 526 | _aSEG42 | ||
| 526 | _aSEG41 | ||
| 526 | _aSEG40 | ||
| 526 | _aSEG39 | ||
| 526 | _aP94 | ||
| 526 | _aP87 | ||
| 526 | _aP86 | ||
| 526 | _aP85 | ||
| 526 | _aP77 | ||
| 526 | _aP76 | ||
| 526 | _aP35 | ||
| 546 | _aText in Greek with preface and introduction in English. | ||
| 630 | 0 |
_aBiblia. _pEvangelios _xArmonías, _91721 _lGriego. |
|
| 700 | 1 |
_aRead-Heimerdinger, Jenny. _eeditor. |
|
| 700 | 1 |
_aRius-Camps, Josep. _eeditor. |
|
| 942 |
_2ddc _cBK |
||
| 980 |
_623148 _aAnálisis Documental EVILA ACOSTA _81 _gALBERTO SANCHEZ Responsable de Automatización |
||
| 999 |
_c61930 _d61930 |
||